000 00539nam a2200157Ia 4500
999 _c19935
_d19935
003 OSt
005 20200602121454.0
008 190216s9999||||xx |||||||||||||| ||und||
040 _coclc
082 _a338.1854
_bDES/A
100 _aDesai, Meghnad
_9960
245 0 _aAgrarian Power And Agricultural Productivity In South Asia /
_cMeghnad Desai ; Susanne Hoeber Rudolph ; Ashok Rudra
260 _bOxford University Press,
_c1984.
_aNew Delhi:
300 _a384p
942 _cBK
_2ddc
_h338.1854
_iDES/A
_k338.1854
_mDES/A